000 00720nam a2200229 a 4500
001 000022191
005 20200930011625.0
008 100917s1974 sp a 000 |bspa d
020 _a8423953173
040 _aDO-SdBNP
_bspa
_cBNPHU
082 _axxx
_bB292M
100 1 _aMari, Pierrette
_945911
245 1 0 _aBartók /
_cPierrette Mari; traducción, Felipe Ximénez de Sandoval.
260 _aMadrid :
_bEspasa-Calpe,
_c1974.
300 _a127 p. :
_bil. ;
_c18 cm.
490 _aClásicos de la Música
500 _aIncluye notas al pie de páginas
500 _aIncluye referencias y bibliografía
700 1 _aXiménez de Sandoval, Felipe
_etr.
_919335
834 _aClásicos de la Música
049 _aBNGR
999 _c21689
_d21689